<?xml version="1.0" encoding="UTF-8"?>
<record
    xmlns:xsi="http://www.w3.org/2001/XMLSchema-instance"
    xsi:schemaLocation="http://www.loc.gov/MARC21/slim http://www.loc.gov/standards/marcxml/schema/MARC21slim.xsd"
    xmlns="http://www.loc.gov/MARC21/slim">

  <leader>02052njm a2200421Ia 4500</leader>
  <controlfield tag="001">23810</controlfield>
  <controlfield tag="003">IT-RoPAU</controlfield>
  <controlfield tag="005">20220918181156.0</controlfield>
  <controlfield tag="008">131025s9999    xx            000 0 und d</controlfield>
  <datafield tag="040" ind1=" " ind2=" ">
    <subfield code="a">IT-RoPAU</subfield>
  </datafield>
  <datafield tag="040" ind1=" " ind2=" ">
    <subfield code="c">IT-RoPAU</subfield>
  </datafield>
  <datafield tag="041" ind1=" " ind2=" ">
    <subfield code="a">ITALIANO</subfield>
  </datafield>
  <datafield tag="999" ind1=" " ind2=" ">
    <subfield code="c">102606</subfield>
    <subfield code="d">102606</subfield>
  </datafield>
  <datafield tag="999" ind1=" " ind2=" ">
    <subfield code="b">n.d.</subfield>
  </datafield>
  <datafield tag="100" ind1=" " ind2=" ">
    <subfield code="a">Anonimo </subfield>
    <subfield code="9">883</subfield>
  </datafield>
  <datafield tag="100" ind1=" " ind2=" ">
    <subfield code="e">Autore musica</subfield>
    <subfield code="9">6126</subfield>
  </datafield>
  <datafield tag="100" ind1=" " ind2=" ">
    <subfield code="g">Codice autore musica SPICS: 2620</subfield>
    <subfield code="9">885</subfield>
  </datafield>
  <datafield tag="245" ind1=" " ind2=" ">
    <subfield code="a">Qui comando io (Lp 20107)</subfield>
  </datafield>
  <datafield tag="250" ind1=" " ind2=" ">
    <subfield code="a">1a ed.</subfield>
  </datafield>
  <datafield tag="260" ind1=" " ind2=" ">
    <subfield code="a">MILANO</subfield>
  </datafield>
  <datafield tag="260" ind1=" " ind2=" ">
    <subfield code="b">COMBO RECORD</subfield>
    <subfield code="c">1972 [1a Ed.:1972]</subfield>
  </datafield>
  <datafield tag="300" ind1=" " ind2=" ">
    <subfield code="a">DISCO</subfield>
  </datafield>
  <datafield tag="500" ind1=" " ind2=" ">
    <subfield code="a">Musica italiana. Musica leggera.</subfield>
  </datafield>
  <datafield tag="505" ind1=" " ind2=" ">
    <subfield code="a">Qui comando io - La bella Gigogin - Il mulinaio - La mondina - L'uva focarina - Un fiume amaro - In montagna - La filanda - Andiamo a mietere il grano - Mamma dammi cento lire - Il pellegrino</subfield>
  </datafield>
  <datafield tag="511" ind1=" " ind2=" ">
    <subfield code="a">I Combos</subfield>
  </datafield>
  <datafield tag="511" ind1=" " ind2=" ">
    <subfield code="a">Casadei Secondo</subfield>
  </datafield>
  <datafield tag="650" ind1=" " ind2=" ">
    <subfield code="a">CANZONE ITALIAN [DISCHI]</subfield>
    <subfield code="e">Codice MATERIA SPICS: 9950</subfield>
    <subfield code="9">6127</subfield>
  </datafield>
  <datafield tag="700" ind1=" " ind2=" ">
    <subfield code="a">Theodorakis Mikis</subfield>
    <subfield code="d">Codice autore musica SPICS: 11170</subfield>
    <subfield code="e">Autore musica</subfield>
    <subfield code="p">Un fiume amaro</subfield>
    <subfield code="9">6128</subfield>
  </datafield>
  <datafield tag="700" ind1=" " ind2=" ">
    <subfield code="a">Tuminelli Sandro</subfield>
    <subfield code="d">Codice autore testo/musica SPICS: 25258</subfield>
    <subfield code="e">Autore testo/musica</subfield>
    <subfield code="p">Un fiume amaro</subfield>
    <subfield code="9">6129</subfield>
  </datafield>
  <datafield tag="700" ind1=" " ind2=" ">
    <subfield code="a">Casadei Secondo</subfield>
    <subfield code="d">Codice autore musica SPICS: 7935</subfield>
    <subfield code="e">Autore musica</subfield>
    <subfield code="p">In montagna</subfield>
    <subfield code="9">6130</subfield>
  </datafield>
  <datafield tag="700" ind1=" " ind2=" ">
    <subfield code="a">Pallavicini Vito</subfield>
    <subfield code="d">Codice autore musica SPICS: 13656</subfield>
    <subfield code="e">Autore musica</subfield>
    <subfield code="p">La filanda</subfield>
    <subfield code="9">6131</subfield>
  </datafield>
  <datafield tag="700" ind1=" " ind2=" ">
    <subfield code="a">Janes Aladar</subfield>
    <subfield code="d">Codice autore SPICS: 14263</subfield>
    <subfield code="e">Autore</subfield>
    <subfield code="p">La filanda</subfield>
    <subfield code="9">6132</subfield>
  </datafield>
  <datafield tag="700" ind1=" " ind2=" ">
    <subfield code="a">Marrocchi Marcello</subfield>
    <subfield code="d">Codice autore musica SPICS: 7419</subfield>
    <subfield code="e">Autore musica</subfield>
    <subfield code="p">Andiamo a mietere il grano</subfield>
    <subfield code="9">6133</subfield>
  </datafield>
  <datafield tag="700" ind1=" " ind2=" ">
    <subfield code="a">Rossi Carlo Alberto (Cicero)</subfield>
    <subfield code="d">Codice autore testo/musica SPICS: 13130</subfield>
    <subfield code="e">Autore testo/musica</subfield>
    <subfield code="p">Andiamo a mietere il grano</subfield>
    <subfield code="9">6134</subfield>
  </datafield>
  <datafield tag="700" ind1=" " ind2=" ">
    <subfield code="a">Trama M.</subfield>
    <subfield code="d">Codice autore musica SPICS: 15632</subfield>
    <subfield code="e">Autore musica</subfield>
    <subfield code="p">Mamma dammi cento lire</subfield>
    <subfield code="9">6135</subfield>
  </datafield>
  <datafield tag="700" ind1=" " ind2=" ">
    <subfield code="a">Palazio Gustavo</subfield>
    <subfield code="d">Codice autore testo/musica SPICS: 2952</subfield>
    <subfield code="e">Autore testo/musica</subfield>
    <subfield code="p">Mamma dammi cento lire</subfield>
    <subfield code="9">6136</subfield>
  </datafield>
  <datafield tag="700" ind1=" " ind2=" ">
    <subfield code="a">Roby</subfield>
    <subfield code="d">Codice autore musica SPICS: 18019</subfield>
    <subfield code="e">Autore musica</subfield>
    <subfield code="p">Il pellegrino</subfield>
    <subfield code="9">6137</subfield>
  </datafield>
  <datafield tag="942" ind1=" " ind2=" ">
    <subfield code="c">MD</subfield>
    <subfield code="2">ddc</subfield>
  </datafield>
  <datafield tag="952" ind1=" " ind2=" ">
    <subfield code="0">0</subfield>
    <subfield code="1">0</subfield>
    <subfield code="4">0</subfield>
    <subfield code="6">23810_000000000000000</subfield>
    <subfield code="7">1</subfield>
    <subfield code="a">SPICS</subfield>
    <subfield code="b">SPICS</subfield>
    <subfield code="d">2013-10-25</subfield>
    <subfield code="l">0</subfield>
    <subfield code="o">23810</subfield>
    <subfield code="r">2013-10-25 00:00:00</subfield>
    <subfield code="w">2013-10-25</subfield>
    <subfield code="y">MD</subfield>
    <subfield code="z">Progr. Ins.: 4657 / N.Vol.: 1 / Copie: 1 - Copia rara: n.d. / date import: 01.01.2014 - By Epidotti, Trombetti, Vaglietti</subfield>
  </datafield>
</record>
